Ľahko čitateľné texty 2.

Bibliographic Details
Main Author: Medvecová, Andrea (Author)
Format: Article
Language:Slovak
PhysicalDescription:Obr.
ISSN:1335-8197
Subjects:

MARC

LEADER 00000nab a2200000 a 4500
001 vtls008416365
003 SK-MaSNL
005 20260303070020.0
008 040806c xo 0 slo
015 |a SNBCL2005/5 
035 |a SLK034518 
040 |a SLKCL  |b slo  |c SNKBUCL  |e AACR2 
041 1 |a slo 
044 |a xo  |c SK 
080 |a 364.264:616.89:616-056.34  |2 1981 
100 1 |a Medvecová, Andrea  |4 aut  |9 866066 
245 1 0 |a Ľahko čitateľné texty  |n 2.  |c Andrea Medvecová 
300 |b Obr. 
504 |a Bibliogr. odkazy 
650 0 7 |a mentálne postihnutí  |x zákonodarstvo a právna veda  |2 MESH  |9 1066892 
650 0 7 |a čítanie  |2 MESH  |9 1654 
650 0 7 |a kvalita života  |x psychológia  |2 MESH  |9 874457 
650 0 7 |a estetika  |2 MESH  |9 791 
650 0 7 |a nadácie  |2 MESH  |9 2665 
773 0 |w SERIAL_GENERAL*000228*2005*005*002  |x 1335-8197  |t Informácie  |g Roč. 13, č. 2 (63) (2005), s. 4-5 
850 |a Slovenská lekárska knižnica v Bratislave  |a BA006 
852 |a BA006  |b KIS3GCP  |b 000500000 
999 |c 1753569  |d 1755499